| 000 | 00489nam a2200181Ia 4500 | ||
|---|---|---|---|
| 008 | 151018s9999 xx 000 0 und d | ||
| 082 |
_bRBASDV60985 _a891.463 |
||
| 100 | _aजयंत जोगळेकर | ||
| 245 | _aदाह | ||
| 250 | _b1 | ||
| 260 |
_bदिलीपराज _c2013 |
||
| 300 | _a167 | ||
| 600 | _aजयंत जोगळेकर | ||
| 630 | _aदाह | ||
| 700 | _aजयंत जोगळेकर | ||
| 730 | _aदाह | ||
| 942 | _cBOOK | ||
| 999 |
_c1054480 _d1054477 |
||